00662ngm a2200169 i 4500001001100000003000500011005001700016008004100033040002500074245001600099264005200115336002100167337002500188338002300213500024500236700001100481C2-0335959PPAK20180727222513.0160417s2014 nyu|||| ||||| | vleng d aPPAKbengcPPAKerda00aBig history 1a[New York] : bA&E Television Networks , c2014 2rdacontentatext 2rdamediaaunmediated 2rdacarrieravolume aSummary : A collection that turns history on its head, breaks down the walls between history and science, and tells the story of the universe form the Big Bang through today. Crisscrossing through time and space, each episode reveals the tr eauthor